<?xml version="1.0" encoding="UTF-8"?>
<record
    xmlns:xsi="http://www.w3.org/2001/XMLSchema-instance"
    xsi:schemaLocation="http://www.loc.gov/MARC21/slim http://www.loc.gov/standards/marcxml/schema/MARC21slim.xsd"
    xmlns="http://www.loc.gov/MARC21/slim">

  <leader>01490nam a22002417a 4500</leader>
  <controlfield tag="003">DO-SdBJH</controlfield>
  <controlfield tag="005">20240809141300.0</controlfield>
  <controlfield tag="008">240809b        |||||||| |||| 00| 0 spa d</controlfield>
  <datafield tag="040" ind1=" " ind2=" ">
    <subfield code="a">DO-SdBJH</subfield>
    <subfield code="b">spa</subfield>
    <subfield code="c">DO-SdBJH</subfield>
  </datafield>
  <datafield tag="090" ind1=" " ind2=" ">
    <subfield code="a"> TG EGCEMA</subfield>
    <subfield code="b">02091 2022</subfield>
  </datafield>
  <datafield tag="100" ind1="1" ind2=" ">
    <subfield code="a">Veras Ure&#xF1;a, Rudy Amado</subfield>
    <subfield code="e">sustentante</subfield>
  </datafield>
  <datafield tag="245" ind1="1" ind2="0">
    <subfield code="a">Propuesta de un Manuel de Doctrina de Defensa A&#xE9;rea para la Fuerza A&#xE9;rea de Rep&#xFA;blica Dominicana, a&#xF1;o 2023 / </subfield>
    <subfield code="c"> Rudy Amado Veras Ure&#xF1;a, Neikeel Manuel Feliz Volquez, asesores Edgar Manuel Tiburcio Peralta, Miledys A. P&#xE9;rez Polanco</subfield>
  </datafield>
  <datafield tag="260" ind1=" " ind2=" ">
    <subfield code="a">Santo Domingo Este:</subfield>
    <subfield code="b">INSUDE, </subfield>
    <subfield code="c">2022</subfield>
  </datafield>
  <datafield tag="300" ind1=" " ind2=" ">
    <subfield code="a">xix, 58 p&#xE1;ginas</subfield>
  </datafield>
  <datafield tag="500" ind1=" " ind2=" ">
    <subfield code="a">Tesis (Especialidad en Comando y Estado Mayor A&#xE9;reo ). -- Instituto Superior para la Defensa (INSUDE). Escuela de Graduados de Comando y Estado Mayor A&#xE9;reo, 2022</subfield>
  </datafield>
  <datafield tag="502" ind1=" " ind2=" ">
    <subfield code="a">Incluye referencias bibliogr&#xE1;ficas e &#xED;ndices</subfield>
  </datafield>
  <datafield tag="504" ind1=" " ind2=" ">
    <subfield code="a">Or&#xED;genes de la Doctrina de Doctrina de Defensa A&#xE9;rea en la Fuerza A&#xE9;rea de Rep&#xFA;blica Dominicana. -- Marco legal de la Defensa A&#xE9;rea en la Rep&#xFA;blica Dominicana. -- Aporte de la creaci&#xF3;n de un Manuel  de instrucci&#xF3;n de Doctrina de Defensa A&#xE9;rea en la Fuerza A&#xE9;rea de Rep&#xFA;blica Dominicana</subfield>
  </datafield>
  <datafield tag="700" ind1="1" ind2=" ">
    <subfield code="a">Feliz Volquez, Neikeel Manuel </subfield>
    <subfield code="e">sustentante</subfield>
  </datafield>
  <datafield tag="700" ind1="1" ind2=" ">
    <subfield code="a">Tiburcio Peralta, Edgar Manuel</subfield>
    <subfield code="e">asesor</subfield>
  </datafield>
  <datafield tag="700" ind1="1" ind2=" ">
    <subfield code="a"> P&#xE9;rez Polanco, Miledys A.</subfield>
    <subfield code="e">asesor</subfield>
  </datafield>
  <datafield tag="830" ind1=" " ind2=" ">
    <subfield code="a">INSUDE.  Escuela de Graduados de Comando y Estado Mayor A&#xE9;reo.  Tesis y disertaciones acad&#xE9;micas</subfield>
  </datafield>
  <datafield tag="942" ind1=" " ind2=" ">
    <subfield code="2">CL</subfield>
    <subfield code="c">T</subfield>
  </datafield>
  <datafield tag="999" ind1=" " ind2=" ">
    <subfield code="c">7795</subfield>
    <subfield code="d">7795</subfield>
  </datafield>
  <datafield tag="952" ind1=" " ind2=" ">
    <subfield code="0">0</subfield>
    <subfield code="1">0</subfield>
    <subfield code="2">CL</subfield>
    <subfield code="4">0</subfield>
    <subfield code="7">0</subfield>
    <subfield code="8">CG</subfield>
    <subfield code="a">BJHA</subfield>
    <subfield code="b">BJHA</subfield>
    <subfield code="d">2024-08-09</subfield>
    <subfield code="i">22-02091</subfield>
    <subfield code="l">0</subfield>
    <subfield code="o"> TG EGCEMA 02091 2022</subfield>
    <subfield code="p">22-02091</subfield>
    <subfield code="r">2024-08-09 13:35:11</subfield>
    <subfield code="t">e.1</subfield>
    <subfield code="w">2024-08-09</subfield>
    <subfield code="y">T</subfield>
  </datafield>
</record>
